000 00625nam a2200205Ia 4500
005 20250508165633.0
008 008 250505s9999 xx 000 0 hin d
037 _aTextBook
040 _aFEDL
_beng
_cFEDL
041 _ahin
_2hin
084 _a300.7, MAD/R
_qFEDL
245 0 _aSamajik adhyayan, Kaksha 7
245 0 _cMADHYA PRADESH PATHYAPUSTAK NIGAM
260 _aBhopal, India
_bMadhya Pradesh Pathya Pustak Nigam
_c1999
300 _a251p.
365 _aINR
_b30
546 _aAcc. No. 83650- 52 are MACESE books and 90040 is CSEC book
942 _cTB
_h300.7, MAD/R
999 _c1396388
_d1396388